000
00307nam a2200133Ia 4500
100
_a
Grabowski/ Ralph
942
_c
BK
366
_f
15
654
_a
Using Autocad Release
245
_a
Using Autocad Release
260
_b
Comdex Computer Publishing
_a
New Delhi
_c
1998
082
_a
6.6
546
_a
ENGLISH
999
_c
20813
_d
20813